00654nam a22002057a 4500003000400000005001700004008004100021020001900062040002100081082004800102100002200150245006000172260004200232300003000274504005100304650002500355650001500380650002300395650003000418OSt20260204030439.0260204b |||||||| |||| 00| 0 eng d a971-510-150-X. aDWC-Main libcOC 2Revised Orbis editionaCirc. 260 F954c 2004 aFuellenbach, John aChurch : bcommunity for the KingdomcJohn, Fuellenbach aManila :bLogos Publications,cc2004. axiv, 238 pages ; c23 cm. aIncludes bibliographical references and index. a1. Church-Doctrines. a2. Church. a3. Kingdom of God. a4. Mission of the church.